000 00581cam a2200217 4500
008 000000n2000 000 0 eng u
020 _a1860813569
035 _a(Sirsi) u105331
050 _a696.182
100 _aPitts, N.J.
110 _aBuilding Research Establishment
245 _aWater conservation : low-flow showers and flow restrictors.
260 _aLondon
_bCRC
_c2000
300 _a4p. ; 30cm.
490 _aInformation Paper
_v2/00
650 _aFLOW RATES
690 _aBUILT ENVIRONMENT
700 _aGriggs, J. C.
700 _aHall, J.
942 _n0
999 _c100363
_d100363